Normal view
MARC view
Entry Nombre personal
001 - NÚMERO DE CONTROL
- campo de control: 58337
003 - IDENTIFICADOR DEL NÚMERO DE CONTROL
- campo de control: OSt
005 - FECHA Y HORA DE LA ÚLTIMA TRANSACCIÓN
- campo de control: 20200615035001.0
008 - DATOS DE LONGITUD FIJA
- campo de control de longitud fija: 200615|| aca||aabn | a|a d
040 ## - FUENTE DE LA CATALOGACIÓN
- Centro catalogador/agencia de origen: OSt
- Centro/agencia transcriptor: OSt
100 ## - ENCABEZAMIENTO-NOMBRE DE PERSONA
- Nombre de persona: Castillo S., Manuel de J
670 ## - FUENTE DE DATOS ENCONTRADOS
- Cita de la fuente: Work cat.: (OSt)31817: Castillo S., Manuel de J., Memoria, con anexos correspondientes, que presenta el gobierno provincial, ciudadano Manuel de J. Castillo S. al Consejo Provincial de Santo Domingo y al Hon. secretario de E. de Interior, Policia, Guerra y Marina de la labor efectuada entre el 12 de julio y el 31 de diciembre de 1924 /, [1924].
